Southville International School and Colleges
Your cart is empty.
  • Cart
  • Lists
    Public lists Eva Luna New books Lux_list list_1
    Your lists Log in to create your own lists
  • Log in to your account
  • Your cookies
  • Search history
Southville International School and Colleges
  • Advanced search
  • Recent comments
  • Most popular
  • Libraries

Log in to your account

Log in with GOOGLE


If you do not have an external account, but do have a local account, you can still log in:

  1. Home
  2. MARC view: Cinema 4D :
Normal view MARC view ISBD view

Cinema 4D : (Record no. 23819)

[ view plain ]
MARC details
000 -LEADER
fixed length control field 00614nam a2200217 a 4500
005 - DATE AND TIME OF LATEST TRANSACTION
control field 20140310183459.0
008 - FIXED-LENGTH DATA ELEMENTS--GENERAL INFORMATION
fixed length control field 091203s19uu xx 00 eng d
020 ## - INTERNATIONAL STANDARD BOOK NUMBER
International Standard Book Number 9780240809533
050 ## - LIBRARY OF CONGRESS CALL NUMBER
Classification number TR 897.7
Item number .P69 2007
100 ## - MAIN ENTRY--PERSONAL NAME
Personal name Powers, Ann
245 ## - TITLE STATEMENT
Title Cinema 4D :
Remainder of title the artist's project sourcebook /
Statement of responsibility, etc Ann Powers
250 ## - EDITION STATEMENT
Edition statement 2nd ed.
260 ## - PUBLICATION, DISTRIBUTION, ETC. (IMPRINT)
Place of publication, distribution, etc Amsterdam :
Name of publisher, distributor, etc Focal Press,
Date of publication, distribution, etc 2007.
300 ## - PHYSICAL DESCRIPTION
Extent 350 p. :
Other physical details col. ill. ;
Dimensions 25 cm.
521 ## - TARGET AUDIENCE NOTE
Target audience note
650 ## - SUBJECT ADDED ENTRY--TOPICAL TERM
Topical term or geographic name as entry element Computer animation.
650 ## - SUBJECT ADDED ENTRY--TOPICAL TERM
Topical term or geographic name as entry element Three dimensional display system.s.
650 ## - SUBJECT ADDED ENTRY--TOPICAL TERM
Topical term or geographic name as entry element Cinema 4D XL.
942 ## - ADDED ENTRY ELEMENTS (KOHA)
Koha item type Books
Source of classification or shelving scheme Library of Congress Classification
Call number prefix Foreign
Holdings
Withdrawn status Lost status Source of classification or shelving scheme Damaged status Home library Current library Shelving location Date acquired Source of acquisition Cost, normal purchase price Total Checkouts Full call number Barcode Date last seen Copy number Price effective from Koha item type
    Library of Congress Classification   College Library College Library General Circulation Section 12/03/2009 Donation 3397.00   TR 897.7 .P69 2007 C10960 05/15/2018 1 10/18/2013 Books

Cinema 4D :

APA

Powers A., . (2007). Cinema 4D. Amsterdam: Focal Press.

Chicago

Powers Ann, . 2007. Cinema 4D. Amsterdam: Focal Press.

Harvard

Powers A., . (2007). Cinema 4D. Amsterdam: Focal Press.

MLA

Powers Ann, . Cinema 4D. Amsterdam: Focal Press. 2007.

  • Place hold
  • Print
  • Cite
  • Add to your cart (remove)
  • Save record
    BIBTEX Dublin Core MARCXML MARC (non-Unicode/MARC-8) MARC (Unicode/UTF-8) MARC (Unicode/UTF-8, Standard) MODS (XML) RIS
  • More searches
    Search for this title in:
    Other Libraries (WorldCat) Other Databases (Google Scholar) Online Stores (Bookfinder.com) Open Library (openlibrary.org)

Exporting to Dublin Core...

SOUTHVILLE LIBRARY

Southville International School and Colleges Library

1281 Tropical Ave. Cor. Luxembourg St., BF Homes International, Las Pinas City

Tel. No. 8256374 / 252358 Loc. 117/146

Powered by Koha